Corporate finance (Record no. 12440)
[ view plain ]
| 000 -LEADER | |
|---|---|
| fixed length control field | 00504nam a22001937a 4500 |
| 003 - CONTROL NUMBER IDENTIFIER | |
| control field | mut |
| 005 - DATE AND TIME OF LATEST TRANSACTION | |
| control field | 20240606081225.0 |
| 008 - FIXED-LENGTH DATA ELEMENTS--GENERAL INFORMATION | |
| fixed length control field | 170929b xxu||||| |||| 00| 0 eng d |
| 020 ## - INTERNATIONAL STANDARD BOOK NUMBER | |
| International Standard Book Number | 007090653X |
| 040 ## - CATALOGING SOURCE | |
| Transcribing agency | mut |
| 050 ## - LIBRARY OF CONGRESS CALL NUMBER | |
| Classification number | HG 4026 |
| Item number | .C64 2005 |
| 245 ## - TITLE STATEMENT | |
| Title | Corporate finance |
| 250 ## - EDITION STATEMENT | |
| Edition statement | 4th Canadian ed. |
| 260 ## - PUBLICATION, DISTRIBUTION, ETC. | |
| Place of publication, distribution, etc. | Toronto |
| Name of publisher, distributor, etc. | McGraw Hill |
| Date of publication, distribution, etc. | 2005 |
| 650 ## - SUBJECT ADDED ENTRY--TOPICAL TERM | |
| Topical term or geographic name entry element | Corporations |
| General subdivision | Finance |
| 650 ## - SUBJECT ADDED ENTRY--TOPICAL TERM | |
| Topical term or geographic name entry element | Corporations |
| Geographic subdivision | Canada |
| General subdivision | Finance |
| 700 ## - ADDED ENTRY--PERSONAL NAME | |
| Personal name | Ross, Stephen A. [et al...] |
| 942 ## - ADDED ENTRY ELEMENTS (KOHA) | |
| Source of classification or shelving scheme | Library of Congress Classification |
| Koha item type | Books |
| Withdrawn status | Lost status | Source of classification or shelving scheme | Damaged status | Not for loan | Home library | Current library | Shelving location | Date acquired | Source of acquisition | Total checkouts | Full call number | Barcode | Date last seen | Date last checked out | Price effective from | Koha item type |
|---|---|---|---|---|---|---|---|---|---|---|---|---|---|---|---|---|
| Library of Congress Classification | Murang'a University of Technology Library | Murang'a University of Technology Library | General stacks | 29/09/2017 | Donation-TFC | 1 | HG 4026 .C64 2005 | 014509 | 25/10/2018 | 25/10/2018 | 29/09/2017 | Books | ||||
| Library of Congress Classification | Murang'a University of Technology Library | Murang'a University of Technology Library | General stacks | 03/10/2017 | Donation-TFC | HG 4026 .C64 2005 | 013628 | 30/08/2024 | 03/10/2017 | Books | ||||||
| Library of Congress Classification | Murang'a University of Technology Library | Murang'a University of Technology Library | General stacks | 06/07/2018 | Donation from-TFC | HG 4026 .C64 2005 | 022538 | 06/07/2018 | 06/07/2018 | Books | ||||||
| Library of Congress Classification | Murang'a University of Technology Library | Murang'a University of Technology Library | General stacks | 15/10/2018 | Donation -TFC | HG 4026 .C64 2005 | 023247 | 30/08/2024 | 15/10/2018 | Books | ||||||
| Library of Congress Classification | Murang'a University of Technology Library | Murang'a University of Technology Library | General stacks | 05/12/2018 | Donation -TFC | HG 4026 .C64 2005 | 024414 | 30/08/2024 | 05/12/2018 | Books |